Physics for entertainment Book I / (Record no. 3397)
[ view plain ]
| 000 -LEADER | |
|---|---|
| fixed length control field | 00377cam a2200145ua 4500 |
| 041 ## - LANGUAGE CODE | |
| Language code of text/sound track or separate title | eng |
| 082 ## - DEWEY DECIMAL CLASSIFICATION NUMBER | |
| Classification number | 530 |
| Item number | PER/PH |
| 100 ## - MAIN ENTRY--AUTHOR NAME | |
| Personal name | Perelman, Yakov . |
| 245 ## - TITLE STATEMENT | |
| Title | Physics for entertainment Book I / |
| 260 ## - PUBLICATION, DISTRIBUTION, ETC. (IMPRINT) | |
| Place of publication | : |
| Name of publisher | Forign Lanquage publishing house , |
| Year of publication | 1961. |
| 300 ## - PHYSICAL DESCRIPTION | |
| Number of Pages | 210 ; . |
| 942 ## - ADDED ENTRY ELEMENTS (KOHA) | |
| Koha item type | Books |
| Withdrawn status | Lost status | Damaged status | Home library | Current library | Date acquired | Accession Number | Koha item type | Public note |
|---|---|---|---|---|---|---|---|---|
| Withdrawn | KAUAET | KAUAET | 23/04/2024 | 3677 | Books | 5301 |
